Analysis of the exploitation of information and communication technologies in the agri-food sector companies
Zhodnotenie stavu využívania IKT v podnikoch agrosektoru a nájdenie vhodnej kombinácie jednotlivých prvkov IKT, aby ich využitie bolo efektívne pri vykonávaní podnikových činností, návrh konkrétneho riešenia pre podnik.
Gespeichert in:
| 1. Verfasser: | |
|---|---|
| Weitere Verfasser: | |
| Format: | Buchkapitel |
| Sprache: | Englisch |
| Schlagworte: | |
| Tags: |
Keine Tags, Fügen Sie das erste Tag hinzu!
|
MARC
| LEADER | 00000naa a2200000 4500 | ||
|---|---|---|---|
| 001 | 0122205 | ||
| 005 | 20231129070017.6 | ||
| 041 | 0 | |a eng | |
| 044 | |a CZ | ||
| 245 | 1 | 0 | |a Analysis of the exploitation of information and communication technologies in the agri-food sector companies |c Klára Hennyeyová, Peter Depeš |
| 520 | |a Zhodnotenie stavu využívania IKT v podnikoch agrosektoru a nájdenie vhodnej kombinácie jednotlivých prvkov IKT, aby ich využitie bolo efektívne pri vykonávaní podnikových činností, návrh konkrétneho riešenia pre podnik. | ||
| 610 | 2 | 0 | |a podnik poľnohospodársky |
| 610 | 2 | 0 | |a technológie informačné |
| 610 | 2 | 0 | |a technológie komunikačné |
| 610 | 2 | 0 | |a internet |
| 610 | 2 | 0 | |a metódy štatistické |
| 100 | 1 | |a Hennyeyová, Klára | |
| 700 | 1 | |a Depeš, Peter | |